| 000 | 01144cad a22002655a 4500 | ||
|---|---|---|---|
| 008 | 230526s2016 xxk f f 001 0 eng d | ||
| 020 | _a9781783211494 | ||
| 041 | 0 | _aeng | |
| 110 | 2 |
_aRoyal Institution of Chartered Surveyors _94900 |
|
| 240 | 0 | 0 | _aRed Book |
| 245 | 0 | 0 |
_aApplication of the RICS Valuation - Professional Standards in Sweden _h[electronic resource] |
| 250 | _a1st | ||
| 260 |
_aLondon _bRICS _cApril 2016 |
||
| 300 | _a20p. | ||
| 490 | 0 | _aRICS Professional Standards | |
| 490 | 0 | _aRICS Guidance Note | |
| 490 | 0 | _aRICS Valuation Standards | |
| 490 | _aRICS Red Book | ||
| 505 | 2 | _aThis guidance note has been prepared primarily for financial reporting purposes, in order to comply with International Financial Reporting Standard 13 (IFRS 13), but also for reporting purposes to the IPD Sweden Annual Property Index. | |
| 650 | 2 | 4 | _aRICS VALUATION STANDARDS |
| 651 | 4 | _aSweden | |
| 690 |
_aValuation _96273 |
||
| 856 | 4 | 0 |
_uhttps://www.rics.org/content/dam/ricsglobal/documents/standards/application_of_the_rics_valuation_professional_standards_in_sweden_1st_edition_rics.pdf _zView on RICS.org |
| 942 |
_n0 _2ddc |
||
| 999 |
_c121527 _d121527 |
||